000 00796nam a2200253 i 4500
003 DO-SdBNP
005 20230928101520.0
007 ta
008 110413s2022 dr 000 0 spa d
040 _aDO-SdBNP
_bspa
_cBNPHU
_erda
082 _bG943
_222
100 _952164
110 _9491
245 1 0 _aGuía para el despliegue del sistema de calidad en la gestión de los servicios de residuos sólidos municipio Santo Domingo este
264 1 _aSanto Domingo :
_bFederación Dominicana de Municipios (FEDOMU),
_c2022.
300 _a75 páginas :
_bilustraciones ;
_c22 cm.
336 _2rdacontent
_atexto
_btxt
337 _2rdamedia
_asin mediación
_bn
338 _2rdacarrier
_avolumen
_bnc
500 _a
590 _aInventariado, 2023/ DG
910 _aDG
942 _2ddc
_cLBS1
999 _c54991
_d54991